Readings in cultural geography /

Bibliographic Details
Main Author: Wagner, Philip L. (Philip Laurence), 1921-
Other Authors: Mikesell, Marvin W.
Format: Book
Language:English
Undetermined
Published: [Chicago] : University of Chicago Press, [1962]
Subjects:

MARC

Tag First Indicator Second Indicator Subfields
LEADER 00000cam a2200000 4500
001 in00000051198
005 20151007065915.0
008 720427s1962 ilu 00000 eng u
010 |a  62009740  
035 |a (OCoLC)00295559 
035 |9 AAE2944AM 
040 |c URB  |d TXA  |d UtOrBLW 
041 1 |a eng  |a und 
049 |a TXAM  |c [353408] 
050 0 |a GF7  |b .W3 
092 |a 572.908  |b W134r, 1962 
100 1 |a Wagner, Philip L.  |q (Philip Laurence),  |d 1921- 
245 1 0 |a Readings in cultural geography /  |c Edited with introductions and translations by Philip L. Wagner and Marvin W. Mikesell. 
264 1 |a [Chicago] :  |b University of Chicago Press,  |c [1962] 
300 |a xii, 589 pages :  |b illustrations, maps. 
336 |a text  |b txt  |2 rdacontent 
337 |a unmediated  |b n  |2 rdamedia 
338 |a volume  |b nc  |2 rdacarrier 
650 0 |a Human geography. 
700 1 |a Mikesell, Marvin W. 
999 |a MARS 
999 f f |s 885cda21-26b8-30f5-a79b-68c8b3444276  |i d8bbf1ea-3e13-39c2-975b-5cda065ab5bf  |t 0 
952 f f |p normal  |a Texas A&M University  |b College Station  |c Sterling C. Evans Library  |d Evans: Library Stacks  |t 0  |e GF7 .W3  |h Library of Congress classification  |i unmediated -- volume  |m A14800968271 
998 f f |a GF7 .W3  |t 0  |l Evans: Library Stacks